gminy powiatu miechowskiego z mapą - Statystyki

Ogólne statystyki
  • Ten quiz został rozwiązany 56 razy
  • Średni wynik to 5 z 7
Odpowiedzi na mapie
Odpowiedzi zakodowano w zielono-czerwonej skali na mapie do tego quizu, zgodnie z poniższymi procentami.
 
Statystyki odpowiedzi
Wskazówka Odpowiedź % Poprawnych
gmina miejsko-wiejska Miechów
98%
gmina miejsko-wiejska Książ wielki
88%
gmina wiejska Charsznica
78%
gmina wiejska Kozłów
68%
gmina wiejska Racławice
68%
gmina wiejska Gołcza
55%
gmina wiejska Słaboszów
40%
Nie znaleziono quizów pasujących do podanych kryteriów
Rozkład punktacji
Procent ludzi z każdym wynikiem
Percentyl według liczby udzielonych odpowiedzi
Twoja historia wyników
Nie rozwiązałeś tego quizu